Skip to content
Welcome to University of Aberdeen, Mumbai
Home
English
Deutsch
Español
Français
Italiano
日本語
Nederlands
Português
Português (Brasil)
中文(简体)
中文(繁體)
Türkçe
עברית
Gaeilge
Cymraeg
Ελληνικά
Català
Euskara
Русский
Čeština
Suomi
Svenska
polski
Dansk
slovenščina
اللغة العربية
বাংলা
Galego
Tiếng Việt
Hrvatski
हिंदी
Հայերէն
Українська
Sámegiella
Монгол
Māori
Sign In
全文檢索
題名
作者
主題
索引號
ISBN/ISSN
標簽
檢索
高級檢索
Principles of corporate financ...
引用
發送短信
推薦此
打印
導出紀錄
導出到 RefWorks
導出到 EndNoteWeb
導出到 EndNote
加到收藏夾
Permanent link
Principles of corporate finance
Saved in:
書目詳細資料
主要作者:
Brealey, Richard A.
格式:
圖書
出版:
MGH
標簽:
添加標簽
沒有標簽, 成為第一個標記此記錄!
持有資料
實物特徵
您的評論
相似書籍
職員瀏覽
MARC
LEADER
00000nam a2200000Ia 4500
005
20260515061618.0
100
|a
Brealey, Richard A.,
020
|a
9789355325839
942
|c
BK
245
|a
Principles of corporate finance
260
|b
MGH
999
|c
76
|d
76
952
|0
0
|1
0
|4
0
|7
0
|a
ABDN
|b
ABDN
|d
2026-05-15
|l
0
|p
000077
|r
2026-05-15 06:16:18
|w
2026-05-15
|y
BK
相似書籍
Finance and Society
出版: (2016)
Principles and Persons
由: Olafson, Frederick
出版: (2022)
Principles of Marketing
由: Gary Armstrong, Kotlar
Computer security : principles and practice
由: Stallings, William
Computational Principles of Mobile Robotics
由: Gregory Dudek; Michael Jenkin; Dudek, Gregory; Jenkin, Michael